| 000 | 00676cam a2200217 4500 | ||
|---|---|---|---|
| 001 | J61454 | ||
| 008 | 000000n2000 000 0 eng u | ||
| 035 | _a(Sirsi) u106279 | ||
| 041 | _aENG | ||
| 050 | _a333.33 | ||
| 110 |
_aHM Land Registry _91247 |
||
| 245 | _aResidential property price report January - March 2000 & April - June 2000 - July-September 2000 & October - December 2000 | ||
| 260 |
_aLondon _bHM Land Registry _c2000 |
||
| 300 | _a4 pt ; 30cm. | ||
| 650 | _aHOUSE PRICES | ||
| 650 | _aHOUSING MARKET | ||
| 650 | _aPRICES | ||
| 650 |
_aRESIDENTIAL PROPERTY _96266 |
||
| 690 | _aPROPERTY-RESIDENTIAL PROPERTY-RESIDENTIAL PROPERTY MARKET | ||
| 942 | _n0 | ||
| 999 |
_c100550 _d100550 |
||